00836nam a2200193 a 450000100100000000500170001000800410002704000250006808200160009310000380010924500650014726000370021230000200024950001190026904900090038895201140039795201140051199900170062500003299020200930065946.0110805s1953 dr 000 0 spa d aDO-SdBNPbspacBNPHU axxxxbG216p1 aGarcía Lluberes, Alcides93856113aEl poeta Miguel Alcalá hijo. /cAlcides García Lluberes. aSanto Domingo :b[s. n.],c1953. a40 p. ;c23 cm. aTrabajo publicado en la revista Clio, órgano de la Academia Dominicana de Historia, número 96 mayo-agosto 1953 aBNPD 0010718PDaPDbPDcCTd2011-08-05iLF1l0oxxxx G216pp32990-10r2020-06-25w2020-06-25yLFPDZNo se presta 0010718PDaGRbGRcCTd2011-08-05iLF1l0oxxxx G216pp32991-10r2020-06-25w2020-06-25yLFPDZNo se presta c32481d32481